| 000 | 00668nam a22002657a 4500 | ||
|---|---|---|---|
| 003 | UA-OsUOA | ||
| 001 | 122727 | ||
| 007 | ta | ||
| 008 | 20170517b un ||||| |||| 00| 0 ukr d | ||
| 100 | _aNeusner J. | ||
| 090 | _a296 | ||
| 942 | _cBK | ||
| 040 |
_aUA-OsUOA _beng _cUA-OsUOA _dUA-OsUOA |
||
| 245 |
_aThe Mishnan _ba New Translation |
||
| 300 | _a1162 p. | ||
| 955 | _a1 | ||
| 041 | _aeng | ||
| 080 | _a296 | ||
| 020 | _a0-300-03065-7 | ||
| 591 | _aП. Скорупський | ||
| 260 |
_aMichigan _bLCCPD _c1988 |
||
| 650 | 7 |
_a29 Нехристиянські релігії _2UDC |
|
| 999 |
_c409251 _d409251 |
||